| 000 | 01403nam0a2200313 4500 | ||
|---|---|---|---|
| 001 | RU\NLR\bibl\1350590 | ||
| 005 | 20260406063452.0 | ||
| 010 |
_a978-5-7853-1063-6 _92300 |
||
| 021 |
_aRU _b2009-5933 _9339 |
||
| 035 | _a(NLR Aleph) 001335684 | ||
| 090 |
_a828622 _c828622 |
||
| 100 | _a20090402d2008 |||y0rusy50 ca | ||
| 101 | 0 |
_arus _aspa |
|
| 102 | _aRU | ||
| 105 | _aa ||||||||| | ||
| 200 | 1 |
_aИспанский язык _e7 класс _eучебник для школ с углубленным изучением испанского языка _fН.А. Кондрашова |
|
| 210 |
_aМосква _cПросвещение _cМосковские учебники _d2008 |
||
| 215 |
_a238, [1] с. _cил., цв. ил., факс., портр. _d26 |
||
| 300 | _aНа обл.: Español : libro del alumno / N. Kondrashova | ||
| 512 | 1 |
_6z45790 _aEspañol _elibro del alumno |
|
| 606 | 1 |
_aИспанский язык _jУчебники для специализированных школ _91211111 _3RU\NLR\auth\66491709 |
|
| 686 | _aШ147.21-93рус221[7] | ||
| 700 | 1 |
_4070 _8rus _7ca _aКондрашова _bН. А. _gНадежда Азариевна _3RU\NLR\auth\7722807 _95862 |
|
| 790 | 1 |
_4070 _8rus _7ba _aKondrašova _bN. A. _gNadežda Azarievna _3RU\NLR\auth\7722808 _95863 |
|
| 801 | 0 |
_aRU _bNLR _c20090402 _gRCR |
|
| 801 | 1 |
_aRU _bNLR _c20090402 |
|
| 942 | _cBOOK | ||
| 980 | _aNB | ||